El Santiago que fue: apuntes de la memoria

Gorde:
Xehetasun bibliografikoak
Egile nagusia: Plath, Oreste (Egilea)
Formatua: Liburua
Hizkuntza:gaztelania
Argitaratua: Santiago Fondo de Cultura Económica 2010
Edizioa:8a. ed
Saila:Colección Biblioteca Chilena
Gaiak:
Etiketak: Etiketa erantsi
Etiketarik gabe, Izan zaitez lehena erregistro honi etiketa jartzen!

MARC

LEADER 00000cam a2200000 a 4500
001 UCE5005
003 CL-VaPUC
008 141127e20100000cl |||||||||||||||||spa|d
020 |a 9789562890823 
082 0 4 |a 983.2  |b PLA  |2 21 
100 0 |a Plath, Oreste  |e author  |9 330038 
245 1 3 |a El Santiago que fue: apuntes de la memoria 
250 |a 8a. ed 
300 |a 369 p 
942 |c BK 
945 |d 20141127 16:34:00  |a dcastane 
260 |a Santiago  |b Fondo de Cultura Económica  |c 2010 
650 0 |a Historia de Chile  |9 265473 
650 0 |a Historia de ciudades   |9 445863 
650 0 |a Vida y costumbres  |9 611784 
651 0 |a Santiago  |9 265444 
583 |a last modification  |c 20141127 16:34:00  |k Rodrigo Vera 
490 0 |a Colección Biblioteca Chilena 
999 |c 357857  |d 357855 
952 |0 0  |1 0  |3 erb  |4 0  |6 983_200000000000000_PLA_2010  |7 0  |8 A  |9 465961  |a BIBART  |b BIBART  |i 5126142  |o 983.2 PLA 2010  |p 5126142  |r 2025-03-13  |w 2019-11-23  |y BK  |z Catalogado en:20141127  |k ART